| 000 | 01129nam a2200217Ia 4500 | ||
|---|---|---|---|
| 003 | Ost | ||
| 005 | 20260507075347.0 | ||
| 008 | 260507s9999||||xx |||||||||||||| ||und|| | ||
| 020 | _a57612399757 | ||
| 040 | _cfsecg | ||
| 041 | _aara | ||
| 082 | _a330 | ||
| 100 |
_aالخاقاني، نوري عبد الرسول _eمؤلف |
||
| 245 | 0 |
_aالمصرفية الإسلامية : _bالأسس النظرية وإشكاليات التطبيق / _c نوري عبد الرسول الخاقاني |
|
| 260 |
_aعمان: _bدار اليازوري العلمية للنشر والتوزيع, _c2002 |
||
| 300 |
_a366 صفحة؛ _bإيضاحات ؛ _c24 سم |
||
| 520 | _aالربا، إبهام المفهوم ومواطن الخلاف- مداخل للتمييز بين الربا والفائدة- الربا والنقود الورقية الإلزامية- الأسس النظرية للمصرفية الإسلامية- آليات عمل المصارف الإسلامية- بعض اشكاليات المصرفية الإسلامية | ||
| 653 | _aالبنوك | ||
| 653 | _aالبنوك الإسلامية | ||
| 942 | _cكتاب | ||
| 999 |
_c44119 _d44119 |
||